Statistiques concernant Culture G commençant par E

Cliquez ici pour prendre le quiz!

Statistiques générales

  • Ce quiz a été pris 292 fois
  • Le résultat moyen est 17 sur 30

Statistiques - réponses

QuestionsRéponses% Correct
Monnaie introduite en 1999Euro
99%
Ligne séparant les deux hémisphèresEquateur
98%
Saison la plus chaudeÉté
98%
Montagne la plus élevée du mondeEverest
96%
Arbre symbole du CanadaErable
91%
Nom de la fête inaugurant la saison des galettes des roisEpiphanie
88%
Le E dans EPS ou EMCEducation
86%
Bac, Permis, brevet en sontEpreuve / Examen
84%
Site web de commerce en ligne crée en 1995EBay
79%
Sur quelle partie du corps sont placés les deltoïdesEpaule
79%
Il a chanté Rap God et dit 101 mots en 16 secondesEminem
78%
Au tennis, on le crée pour changer la trajectoire de la balleEffet
71%
Jaillissement de matières volcaniquesEruption
70%
Nouveau nom du SwazilandEswatini
66%
Petit crustacé vivant en lac, étang ou rivièreEcrevisse
61%
Fromage des Pays Bas en 4 lettresEdam
56%
Homme sur la photoEinstein
50%
Je commence par un "e", je fini par un "e" mais je ne contient qu'une seule lettreEnveloppe
50%
En math, cette courbe a une croissance rapide et continueExponentielle
49%
Seule capitale de pays commençant par cette lettreErevan
46%
Île italienne ou fleuve d'EuropeElbe
43%
Liquide qui rejailli juste après que le caillou soit tombé dans l'eauEclaboussure
42%
Nom de la ligue de foot néerlandaiseEredivisie
39%
créature qui peut changer d'aspect à volonté et qui prend toujours la forme la plus effrayante possible dans Harry PotterEpouvantard
35%
Examen qui permet de mesurer et d'enregistrer l'activité électrique du cerveau.Electroencéphalogramme / EEG
26%
Adaptation d'un environnement de travail aux besoins de l'utilisateur.Ergonomie
24%
Herbe dont l'anagramme est GâteronsEstragon
22%
Jean Eric Vergne est double champion du monde de monoplace roulant avec de ...Electricité
13%
Dans le milieu catholique, c'est la plus petite communauté qui peut s'appeler "Eglise"Évêché
5%
Lorsqu'une entreprise soutient ses salariés dans leurs projets d'entrepreneuriatEssaimage
0%

Distribution des résultats

Percentile par nombre de réponses

% des personnes avec chaque résultat

Votre développement - résultats

Vous n’avez pas pris ce quiz